UBT Library

THE SOCIAL INNOVATION IMPERATIVE (Record no. 37237)

000 -LEADER
fixed length control field 00300nam a22001337a 4500
008 - FIXED-LENGTH DATA ELEMENTS--GENERAL INFORMATION
fixed length control field 171102b xxu||||| |||| 00| 0 eng d
020 ## - INTERNATIONAL STANDARD BOOK NUMBER
International Standard Book Number 9780071754996
041 ## - LANGUAGE CODE
Language code of text/sound track or separate title eng
080 ## - UNIVERSAL DECIMAL CLASSIFICATION NUMBER
Universal Decimal Classification number 33
100 ## - Rafti
Rafti 59
101 ## - Shkurtesa
Shkurtesa BUS
245 ## - TITLE STATEMENT
Title THE SOCIAL INNOVATION IMPERATIVE
Statement of responsibility, etc BATES,S.M
942 ## - ADDED ENTRY ELEMENTS (KOHA)
Source of classification or shelving scheme
Item type Books
Holdings
Withdrawn status Lost status Source of classification or shelving scheme Damaged status Not for loan Collection code Permanent location Current location Shelving location Date acquired Total Checkouts Full call number Barcode Date last seen Price effective from Koha item type
          Koleksioni i përgjithshem UBT - Lipjan UBT - Lipjan Koleksioni i përgjithshem 11/02/2017   33 BAT 002-2936482 11/02/2017 11/02/2017 Books
UBT Library © 2015-2024. All rights reserved University Education for Business and Technology